000 00546nam a2200229Ia 4500
003 OSt
005 20220918183705.0
006 a|||||r|||| 00| 0
007 ta
008 220917b |||||||| |||| 00| 0 eng d
024 _a39,679
037 _cTextual
040 _aARTS
_cARTS
_beng
041 _2eng
_aeng
082 _aO15:9, K1
100 _aSyama Kumar
_963360
245 0 _aMool sanskritam
260 _c1961
650 _aENGLISH LITERATURE
942 _hO15:9, K1
_cTEXL
_2CC
999 _c173457
_d173457